000 00351pam a2200145 a 4500
020 _c
041 _h
100 _aBUTTLE
_eAuthor
245 _aHOTEL & FOOD SERVICE MARKETING ( A MANAGERIAL APPROACH)
_cBUTTLE
_hTextual Documents
260 _bEducational Law
300 _a414
653 _aFood services
700 _eCo-Author
930 _a2113
999 _c229514
_d229514